| 000 | 01130cac a22003615a 4500 | ||
|---|---|---|---|
| 008 | 150816t2002 mau a fr 000 0 eng d | ||
| 010 | _a 00054308 | ||
| 020 | _a0321190432 (alk. paper) | ||
| 020 | _a9780321190437 | ||
| 020 | _a9780201658590 | ||
| 020 | _a0201658593 | ||
| 020 | _a0321190432 | ||
| 020 | _a9780321190437 | ||
| 040 |
_aEG-ScBUE _beng _cEG-ScBUE |
||
| 082 | 0 | 4 |
_a512.5 _bJOH |
| 100 | _aJohnson, Lee W. | ||
| 245 | 1 | 0 | _aIntroduction to linear algebra. |
| 246 | 3 | 0 | _aLinear algebra |
| 250 |
_a5th ed. / _bLee W. Johnson, R. Dean Riess, Jimmy T. Arnold. |
||
| 260 |
_aBoston : _bAddison-Wesley, _cC.2002. |
||
| 300 |
_avarious pagings : _bill. ; _c25 cm. |
||
| 500 | _aIncludes index. | ||
| 590 | _aMohamed Hussein | ||
| 650 | 0 |
_aAlgebras, Linear. _2BUEsh |
|
| 651 | _2BUEsh | ||
| 653 |
_bENGGEN _cAugust2015 |
||
| 700 | 1 |
_aRiess, R. Dean _q(Ronald Dean), _d1940- |
|
| 700 | 1 |
_aArnold, Jimmy T. _q(Jimmy Thomas), _d1941- |
|
| 942 |
_cBB _k512.5J661 _2ddc _hRDA-MOD |
||
| 999 |
_c5230 _d5230 |
||
| 336 |
_2rdacontent _atext _btxt |
||
| 337 |
_aunmediated _2rdamedia _bn |
||
| 338 |
_avolume _bnc _2rdacarrier |
||